000 04079cam a2200373 4500500
005 20260322004208.0
041 _afre
042 _adc
100 1 0 _aBellom, Aubéline
_eauthor
700 1 0 _aLamine, Claire
_eauthor
700 1 0 _aMagda, Danièle
_eauthor
245 0 0 _aComprendre les transitions agroécologiques à l’échelle du territoire.
260 _c2024.
500 _a59
520 _aProposing an enhanced analytical framework for territorial écologie. Given current challenges faced by agri-food systems, many approaches have emerged, regarding the necessary transformations they require, both at the global or national scale, and increasingly at the territorial scale. In this article, we propose to discuss four systemic approaches that address broader sustainability issues of human activities and have been – or can be – applied to the study of agri-food systems : Sustainable Transition Studies, Socio-ecological Systems, and socio-metabolic approaches, within which territorial ecology is included. They offer different perspectives, articulating social and ecological components of these systems in different ways, and exploring different temporal and spatial scales. However, none of these approaches has been explicitly or specifically developed to analyze the processes of agroecological transition of agri-food systems, at the territorial scale. This article proposes the construction of an analytical framework that would allow understanding these processes, drawing inspiration from conceptual bases provided by these different approaches. This framework, whose initial foundations are laid out here, falls within the field of territorial ecology, which it proposes to enrich.
520 _aFace aux problématiques actuelles auxquelles sont confrontés les systèmes agri-alimentaires, de nombreuses approches se sont développées autour de la question de leurs nécessaires transformations, à l’échelle globale ou nationale, et de plus en plus à l’échelle territoriale. Nous proposons ici de mettre en discussion quatre approches systémiques qui traitent plus largement des enjeux de durabilité des activités humaines, et ont été ou peuvent être appliquées à l’étude des systèmes agri-alimentaires : les Sustainable Transition Studies – ou approches des transitions durables –, les Socio-Ecological Systems – ou systèmes socio-écologiques –, et les approches dites socio-métaboliques, au sein desquelles l’écologie territoriale. Elles proposent des regards différents, articulent de façons différentes les composantes sociales et écologiques de ces systèmes, et s’intéressent à une diversité d’échelles temporelles et spatiales. Cependant, aucune de ces approches n’a été explicitement élaborée pour analyser spécifiquement les processus de transition agroécologique des systèmes agri-alimentaires à l’échelle territoriale. Cet article propose la construction d’un cadre analytique qui permettrait de comprendre ces processus, inspiré de bases conceptuelles fournies par ces différentes approches. Ce cadre, dont nous posons ici les premiers fondements, s’inscrit dans le champ de l’écologie territoriale, qu’il propose d’enrichir.
690 _aapproche par les systèmes socio-écologiques
690 _aapproches des
690 _aapproches socio-métaboliques
690 _aéchelle territoriale
690 _aécologie territoriale
690 _asystèmes agri-alimentaires
690 _atransition agroécologique
690 _atransitions durables
690 _aagrifood-systems
690 _aagroecological transition
690 _asocio-ecological systems
690 _asocio-metabolic approach
690 _asustainable transition studies
690 _aterritorial ecology
690 _aterritorial scale
786 0 _nGéographie, économie, société | 26 | 2-3 | 2024-04-17 | p. 165-185 | 1295-926x
856 4 1 _uhttps://shs.cairn.info/revue-geographie-economie-societe-2024-2-page-165?lang=fr&redirect-ssocas=7080
999 _c1738254
_d1738254